000 00293nam a2200121Ia 4500
100 _aGaus H.J
942 _cBK
654 _aThree phase power & its measurement
245 _aThree Phase Power & its Measurement
260 _bWiley eastern
_aNew Delhi
_c1978
546 _aENGLISH
999 _c26114
_d26114